| Поле | Название | Значение |
| |
Тип записи |
a |
| |
Библиографический уровень |
c |
| 001 |
Контрольный номер |
faeb649a39c141bca207e3700f95cf11 |
| 005 |
Дата корректировки |
20201216162402.1 |
| 010 |
Индекс ISBN |
__ |
| a |
ISBN |
978-5-94535-094-6 (в пер.) |
| d |
Цена |
370-00, 2500 экз. |
| 100 |
Данные общей обработки |
__ |
| a |
Данные общей обработки |
19200514d2008||||||| 0rusy0189 ca |
| 101 |
Язык документа |
0_ |
| a |
Язык текста |
rus |
| 102 |
Страна публикации |
__ |
| a |
Страна публикации |
RU| |
| 102 |
Страна публикации |
__ |
| a |
Страна публикации |
RU |
| 105 |
Кодированные данные (монография) |
__ |
| a |
Кодированные данные (монография) |
a||||||||00zy |
| 200 |
Заглавие и сведения об ответственности |
1_ |
| a |
Заглавие |
Теплые острова в холодном море |
| e |
Сведения, относящиеся к заглавию |
повести |
| f |
Первые сведения об ответственности |
Алексей Варламов ; художник Сергей Элоян |
| 203 |
Вид содержания и тип средства |
__ |
| a |
Вид содержания |
Текст |
| c |
Тип средства |
непосредственный |
| 210 |
Выходные данные |
__ |
| a |
Место издания |
Иркутск |
| c |
Издательство |
Издатель Сапронов |
| d |
Дата издания |
2008 |
| 215 |
Физическое описание |
__ |
| a |
Объем |
454, [1] с. |
| c |
Иллюстрации/тип воспроизводства |
ил. |
| d |
Формат |
18 см |
| 225 |
Серия |
__ |
| a |
Серия |
Литературные вечера "Этим летом в Иркутске" |
| 300 |
Общие примечания |
__ |
| a |
Общие примечания |
Книга с экслибрисом С. А. Лагерева из личной библиотеки |
| 300 |
Общие примечания |
__ |
| a |
Общие примечания |
Книга с автографом автора (1 экз.) |
| 300 |
Общие примечания |
__ |
| a |
Общие примечания |
На титульном листе автограф автора А. Н. Варламова: "Анатолию Викторовичу Пантелееву с уважением и восхищением с пожеланием творческих сил. Подпись. 14.09.08" |
| 327 |
Примечание о содержании |
__ |
| a |
Примечание о содержании |
Здравствуй, князь! : сентиментальная история |
| 327 |
Примечание о содержании |
__ |
| a |
Примечание о содержании |
Гора : маленькая повесть |
| 327 |
Примечание о содержании |
__ |
| a |
Примечание о содержании |
Дом в деревне : повесть сердца |
| 327 |
Примечание о содержании |
__ |
| a |
Примечание о содержании |
Звездочка |
| 327 |
Примечание о содержании |
__ |
| a |
Примечание о содержании |
Сплав |
| 327 |
Примечание о содержании |
__ |
| a |
Примечание о содержании |
Вальдес : маленькая повесть |
| 327 |
Примечание о содержании |
__ |
| a |
Примечание о содержании |
Ева и Мясоед : семейное предание |
| 330 |
Аннотация |
__ |
| a |
Аннотация |
В новой книге известного прозаика Алексея Варламова, лауреата литературной премии Александра Солженицына и премии "Большая книга" - повести последних полутора десятков лет и только что законченное семейное предание "Ева и Мясоед". Все они отражают причудливую, драматическую картину русской жизни в эпоху новой смуты. Где бы ни происходило действие - в Москве, на берегу Байкала, на глухой уральской реке или в вологодской деревне, - писатель, осмысляя судьбы вымышленных или реально существовавших героев, предлагает свой взгляд на русский путь последних времен. |
| 606 |
Тематические рубрики |
__ |
| a |
Основная рубрика |
Художественная литература |
| 606 |
Тематические рубрики |
__ |
| a |
Основная рубрика |
Современная русская литература (произведения) |
| 610 |
Ключевые слова |
__ |
| a |
Ключевые слова |
проза |
| 610 |
Ключевые слова |
__ |
| a |
Ключевые слова |
современная проза |
| 610 |
Ключевые слова |
__ |
| a |
Ключевые слова |
повести |
| 610 |
Ключевые слова |
__ |
| a |
Ключевые слова |
тема жизни |
| 610 |
Ключевые слова |
__ |
| a |
Ключевые слова |
тема людей |
| 610 |
Ключевые слова |
__ |
| a |
Ключевые слова |
тема русской жизни |
| 610 |
Ключевые слова |
__ |
| a |
Ключевые слова |
тема советского общества |
| 610 |
Ключевые слова |
__ |
| a |
Ключевые слова |
тема деревни |
| 610 |
Ключевые слова |
__ |
| a |
Ключевые слова |
тема советской жизни |
| 686 |
Индексы других классификаций |
__ |
| 2 |
Код системы |
rubbks |
| a |
Классификационный индекс |
84(2=411.2)6-4; ст84(2=411.2)6-4 |
| 700 |
Автор |
_1 |
| a |
Фамилия |
Варламов |
| b |
Имя |
А. Н. |
| f |
Даты |
1963- |
| g |
Полное личное имя |
Алексей Николаевич |
| 4 |
Код отношения |
070 |
| 4 |
Код отношения |
450 |
| 702 |
Вторичная интеллектуальная ответственность |
_1 |
| a |
Фамилия |
Элоян |
| b |
Имя |
С. Н. |
| 4 |
Код отношения |
Художник |
| f |
Даты |
1958- |
| g |
Полное личное имя |
Сергей Норикович |
| 4 |
Код отношения |
040 |
| 801 |
Источник записи |
_0 |
| a |
Страна |
RU |
| b |
Организация |
Муниципальное бюджетное учреждение культуры "Централизованная библиотечная система" г. Сургут (Центральная городская библиотека им. А. С. Пушкина) |
| c |
Дата составления |
20200514 |
| g |
Правила каталогизации |
PSBO |
| 801 |
Источник записи |
_1 |
| a |
Страна |
RU |
| b |
Организация |
Муниципальное бюджетное учреждение культуры "Централизованная библиотечная система" г. Сургут (Центральная городская библиотека им. А. С. Пушкина) |
| c |
Дата составления |
20200514 |
| g |
Правила каталогизации |
PSBO |
| 852 |
Данные о местонахождении |
__ |
| j |
Шифр хранения |
84(2=411.2)6-4 |
| i |
Авторский знак |
В 18 |
| 901 |
Тип документа |
__ |
| t |
Тип документа |
x |
| a |
Ответственный |
ООФиК/Волкова |
| 903 |
Характеристики (МАРС) |
__ |
| a |
Дата передачи |
20200514 |
| 911 |
|
__ |
| u |
|
336a=Текст |
| 911 |
|
__ |
| u |
|
337a=непосредственный |
| 990 |
Данные о заказе (DOS) |
__ |
| j |
Количество экземпляров (DOS) |
1 |
| t |
N записи в КСУ для И/У (DOS) |
202004 |